000
00494nam a2200169Ia 4500
008
090711s9999 xx 000 0 und d
082
_b
78229
100
_a
घारे दीपक
245
_a
घाशीराम एक वादळ
260
_c
1996
300
_a
152
600
_a
घारे दीपक
630
_a
घाशीराम एक वादळ
700
_a
घारे दीपक
730
_a
घाशीराम एक वादळ
942
_c
BOOK
999
_c
314970
_d
314970